000 00433nam a22001817a 4500
005 20260123132853.0
008 260123b |||||||| |||| 00| 0 eng d
020 _a9789388902946
_c750.00
040 _aMAIN
041 _aEnglish
082 _a363.7396
_bCAL
100 _aCalvet, J.C.
_926035
245 _aSoil Pollution
260 _aNew Delhi
_bCBS
_c2019
300 _a532
650 _aEnvironmental Science
942 _cBK
999 _c60080
_d60080